新幹線駅から半径1km圏内の在来線駅 - Statistics

General Stats
  • This quiz has been taken 124 times
  • The average score is 39 of 129
Answer Stats
路線 新幹線駅 駅名 % Correct
東京 大手町
78%
有楽町
78%
東北新幹線 仙台 あおば通
76%
御徒町
76%
鶯谷
75%
品川 高輪ゲートウェイ
70%
北品川
70%
北海道新幹線 奥津軽いまべつ 津軽二股
66%
上野広小路
64%
上野御徒町
64%
上野 京成上野
61%
日本橋
61%
静岡 新静岡
58%
岐阜羽島 新羽島
58%
仲御徒町
57%
新御徒町
56%
二重橋前
56%
稲荷町
52%
入谷
51%
京橋
50%
浜松 新浜松
50%
名古屋 名鉄名古屋
50%
日比谷
49%
近鉄名古屋
47%
西中島南方
47%
姫路 山陽姫路
47%
豊橋 新豊橋
44%
岡山 岡山駅前
44%
新大阪 東淀川
43%
新黒部
43%
広島 広島駅
42%
鹿児島中央駅前
42%
熊本駅前
41%
長崎駅前
41%
駅前
40%
富山駅
40%
宇都宮 宇都宮駅東口
39%
三越前
39%
宝町
39%
新岩国 清流新岩国
39%
福井駅
39%
高輪台
38%
三島 三島広小路
38%
東寺
38%
金沢 北鉄金沢
38%
東海道新幹線 銀座一丁目
37%
西小倉
37%
国際センター
36%
太閤通
36%
富山 電鉄富山
36%
山陽新幹線 南方
35%
七条
34%
宮城野通
32%
小田原 緑町
32%
京都 九条
32%
榴ケ岡
31%
青葉通一番町
31%
長野 市役所前
31%
東三国
30%
上越新幹線 熊谷 上熊谷
30%
田町
29%
広瀬通
27%
九州新幹線 東比恵
27%
中佐都
27%
福井 新福井
27%
猿猴橋町
26%
博多 祇園
26%
福島 曽根田
24%
五橋
23%
第一通り
22%
亀島
22%
櫛田神社前
22%
上田 城下
22%
遠州病院
21%
福井城址大名町
21%
駅前大通
20%
駅東公園前
19%
日吉町
19%
崇禅寺
19%
旦過
19%
山形新幹線 赤湯 南陽市役所
19%
県庁前
19%
音羽町
17%
小倉 平和通
17%
西川緑道公園
16%
的場町
15%
北陸新幹線 佐久平 岩村田
15%
電鉄富山・エスタ前
15%
龍谷富山高校前
15%
七ツ屋
15%
柳川
14%
熊本 田崎橋
14%
西九州新幹線 新大村 竹松
14%
黒部宇奈月温泉 舌山
14%
地鉄ビル前
14%
新富町
14%
東宿郷
13%
新神戸 春日野道
13%
銀山町
13%
電気ビル前
13%
インテック本社前
13%
奥田中学校前
13%
足羽山公園口
13%
札木
12%
段原一丁目
12%
オークスカナルパークホテル富山前
12%
仁愛女子高校
12%
新川
11%
高見橋
11%
出島
11%
桜橋
11%
郵便局前
10%
長屋
10%
女学院前
9%
縮景園前
9%
都通
9%
二本木口
8%
祇園橋
8%
呉服町
8%
桜町
8%
家庭裁判所前
7%
中洲通
7%
市立病院前
7%
八千代町
7%
五島町
7%
鹿児島中央 鍛治屋町
6%
大波止
6%
長崎 スタジアムシティサウス
5%
No matching quizzes found
Score Distribution
Percent of People with Each Score
Percentile by Number Answered
Your Score History
You have not taken this quiz